000 00608nam a2200181 a 4500
001 000035624
005 20200930074500.0
008 111105s2010 bl a 000 0 spa d
020 _a9788576172031
040 _aDO-SdBNP
_bspa
_cBNPHU
082 _axxxx
100 1 _aCosta, Haroldo
_961531
245 1 0 _aMae Beata de Yemonjá :
_bguia, cidada, guerreira /
_cHaroldo Costa.
260 _aRio de Janeiro, Brasil :
_bMinistério da Cultura, Fundação Biblioteca Nacional :
_bGaramond,
_c2010.
300 _a169 p. :
_bil. ;
_c21 cm.
490 1 _aPersonalidades negras
830 0 _aPersonalidades negras
_959292
999 _c35115
_d35115